000 01288nam a22003737a 4500
003 CHAP
005 20220329135614.0
008 971013s1994 r 00010 d
010 _a39191
011 _a40163
035 _a44288
040 _cCHAP
090 _aTesis
100 0 0 _aRamírez Herrera, Alfredo.
_994064
245 _aLevantamiento detallado de suelos de La Unidad de Producción Bananera "27 de junio"; Teapa, Tabasco
260 _aChapingo, Méx. :
_bEl autor,
_c1994
300 _a74 h.
502 _aTesis (Ing. Agr. Esp. en Suelos) -- UACH. Departamento de Suelos
590 _aALEPH
_b10
_c20130110
_lUCH01
_h1306
590 _aBATCH-UPD
_b10
_c20130110
_lUCH01
_h1010
590 _aBATCH-UPD
_b10
_c20130410
_lUCH01
_h0618
590 _aBATCH-UPD
_b10
_c20130914
_lUCH01
_h1723
590 _aCONVERSION
_b10
_c20130109
_lUCH01
_h1322
650 1 4 _aLevantamiento topográfico.
_966426
650 1 4 _aPlátano
_xTabasco.
_989270
650 1 4 _aSuelos
_xClasificación
_xTabasco.
_9110260
650 1 4 _aSuelos
_xFísica de.
_9110373
650 1 4 _aSuelos
_xQuímica de.
_9110470
650 1 4 _aSuelos
_xTabasco.
_9110489
901 _aBK
942 _cFOLL
949 _bBC
_cTES
_d-101477
_eTS1
_h27680
_i44288
_si
949 _bBC
_cTES
_d33724000007076
_eTS2
_fc.2
_h27681
_i44288
_si
999 _c39191
_d39191